Construction methods and management /

Bibliographic Details
Main Author: Nunnally, S. W., 1927-
Format: Book
Language:English
Published: Englewood Cliffs, N.J. : Prentice-Hall, [1980]
Subjects:

MARC

Tag First Indicator Second Indicator Subfields
LEADER 00000cam a22000008i 4500
001 in00000050850
005 20151007073923.0
008 791011s1980 njua b 00110 eng
010 |a  79023532  
020 |a 0131688073 :  |c $19.95 
035 |a (OCoLC)05675229 
035 |9 AAF0621AM 
040 |a DLC  |c DLC  |d TXA  |d UtOrBLW 
049 |a TXAM  |c [1405804] 
050 0 0 |a TH145  |b .N86 
082 0 |a 624/.1 
100 1 |a Nunnally, S. W.,  |d 1927- 
245 1 0 |a Construction methods and management /  |c S. W. Nunnally. 
263 |a 8002 
264 1 |a Englewood Cliffs, N.J. :  |b Prentice-Hall,  |c [1980] 
264 4 |c ©1980 
300 |a xii, 418 pages :  |b illustrations ;  |c 25 cm. 
336 |a text  |b txt  |2 rdacontent 
337 |a unmediated  |b n  |2 rdamedia 
338 |a volume  |b nc  |2 rdacarrier 
504 |a Includes bibliographies and index. 
650 0 |a Building. 
650 0 |a Construction industry  |x Management. 
999 |a MARS 
999 f f |s b74815eb-769b-319f-9275-f1d55e5192c7  |i bd82d88e-68d2-3358-8d86-f282b6f8c001  |t 0 
952 f f |p ric  |a Texas A&M University  |b Rellis Campus  |c Joint Library Facility  |d Remote Storage  |t 0  |e TH145 .N86  |h Library of Congress classification  |i unmediated -- volume  |m A14805400155 
998 f f |a TH145 .N86  |t 0  |l Remote Storage